Library of the University of Algiers 3
Ibrahim Sultan Cheibout
شعار جامعة الجزائر 3
مكتبة جامعة الجزائر 3
إبراهيم سلطان شيبوط

المراجعة المتقدمة في بيئة الأعمال الحديثة : (رقم التسجيلة. 44239)

تفاصيل مارك
000 -LEADER
fixed length control field 02082nam a2200241Ia 4500
003 - CONTROL NUMBER IDENTIFIER
control field Ost
005 - DATE AND TIME OF LATEST TRANSACTION
control field 20260507075357.0
008 - FIXED-LENGTH DATA ELEMENTS--GENERAL INFORMATION
fixed length control field 260507s9999||||xx |||||||||||||| ||und||
040 ## - CATALOGING SOURCE
Transcribing agency fsecg
041 ## - LANGUAGE CODE
Language code of text/sound track or separate title ara
082 ## - DEWEY DECIMAL CLASSIFICATION NUMBER
Classification number 330
100 ## - MAIN ENTRY--PERSONAL NAME
Personal name علي، عبد الوهاب نصر
Relator term مؤلف
245 #0 - TITLE STATEMENT
Title المراجعة المتقدمة في بيئة الأعمال الحديثة :
Remainder of title المراجعة المستمرة في التجارة الالكترونية-مسئولية مراجع الحسابات عن اكتشاف الغش والفساد-مهام المراجعة ذات الأغراض الخاصة-اختبار المعلومات /
Statement of responsibility, etc. عبد الوهاب نصر علي
260 ## - PUBLICATION, DISTRIBUTION, ETC.
Place of publication, distribution, etc. الاسكندرية:
Name of publisher, distributor, etc. دار التعليم الجامعي,
Date of publication, distribution, etc. 2013
300 ## - PHYSICAL DESCRIPTION
Extent 357 صفحة؛
Other physical details إيضاحات ؛
Dimensions 25 سم
520 ## - SUMMARY, ETC.
Summary, etc. المراجعة وتكنولوجيا المعلومات وإستخدام الحاسب الآلي-مسئولية مراقب الحسابات عن إكتشاف الغش والفساد والتقرير عنه-مسئولية مراجع الحسابات الخارجي عن الرقابة الداخلية-استخدام المعاينة الإحصائية في اختبارات صحة العمليات زفعالية الرقابة الداخلية-استخدام المعاينة الإحصائية في اختبارا صحة التفاصيل لأرصدة الحسابات-فحص القوائم المالية المرحلية(الدورية)-مراجعة القوائم المالية المختصرة والمعلومات المالية القطاعية والمعلومات الأخرى المرافقة للقوائم المالية-مهام المراجعة ذات الأغراض الخاصة-إختبار المعلومات المالية المستقبلية
653 ## - INDEX TERM--UNCONTROLLED
Uncontrolled term التجارة الالكترونية
653 ## - INDEX TERM--UNCONTROLLED
Uncontrolled term تكنولوجيا المعلومات
653 ## - INDEX TERM--UNCONTROLLED
Uncontrolled term علم الحاسوب
653 ## - INDEX TERM--UNCONTROLLED
Uncontrolled term مراجعة الحسابات
700 ## - ADDED ENTRY--PERSONAL NAME
Personal name شحاتة، السيد شحاته
Relator term مؤلف ثانوي
942 ## - ADDED ENTRY ELEMENTS (KOHA)
Koha item type كتب
المقتنيات
Withdrawn status Lost status Source of classification or shelving scheme Damaged status Not for loan Home library Current library Date acquired Serial enumeration / chronology Inventory number Total checkouts Full call number Barcode Date last seen Price effective from Koha item type
    Dewey Decimal Classification   NOT LOAN / إعارة داخلية مكتبة كلية العلوم الإقتصادية والعلوم التجارية وعلوم التسيير مكتبة كلية العلوم الإقتصادية والعلوم التجارية وعلوم التسيير 07/05/2026 الطابق الأرضي 25424   أ/4298ن1 25424 07/05/2026 07/05/2026 كتب
    Dewey Decimal Classification   Available مكتبة كلية العلوم الإقتصادية والعلوم التجارية وعلوم التسيير مكتبة كلية العلوم الإقتصادية والعلوم التجارية وعلوم التسيير 07/05/2026 الطابق الأرضي 25425   أ/4298ن2 25425 07/05/2026 07/05/2026 كتب
    Dewey Decimal Classification   Available مكتبة كلية العلوم الإقتصادية والعلوم التجارية وعلوم التسيير مكتبة كلية العلوم الإقتصادية والعلوم التجارية وعلوم التسيير 07/05/2026 الطابق الثاني 25426   أ/4298ن3 25426 07/05/2026 07/05/2026 كتب

موارد الويب المفتوحة


© University of Algiers 3 All Rights Reserved
|
Implemented by LECHELAH Riad